000 00270nam a2200109Ia 4500
008 220120s9999||||xx |||||||||||||| ||und||
100 _aRoyden, H.L
_91334
245 0 _aReal analysis
260 _aPrentice hall of india
_c2009
300 _b0
650 _aCOMPUTER SCIENCE
999 _c137337
_d137337